One Piece - Lettre G - Statistiques

Statistiques générales
  • Ce quiz a été pris 105 fois
  • Le résultat moyen est 15 sur 25
Statistiques - réponses
Indice Réponse % Correct
Nom complet du roi des pirates Gol D. Roger
99%
Héros de la marine Garp
98%
Nom des transformations de Luffy Gear
95%
Puissante race qui n'était pas dans la collection de Big Mom Géant
84%
Concept que contrôle Fujitora grâce à son fruit du démon Gravité
83%
Mer en forme de ligne séparant les mers du monde de One Piece Grand Line
80%
Pierre retirant leurs pouvoirs aux porteurs de fruit du démon Granite Marin
80%
Autre nom du fruit de Luffy Gum - Gum
78%
Royaume Scientifique dirigé par la famille Vinsmoke Germa 66
74%
Bras droit de Don Krieg Gin
73%
Fruit de type Logia mangé par un scientifique fou Gaz
69%
Navigateur de l'équipage de Roger Gaban
68%
île où se sont alliés Garp et Roger pour battre Xebec God Valley
66%
Vraie nom de Mr. 3, le propriétaire du Ciro - Fruit Galdino
59%
Base de la marine dans le nouveau monde où travail Smoker après l'éllipse G - 5
58%
Personnage comique enfermé dans un coffre Gaimon
58%
Ancienne impératrice d'Amazon Lily Gloriosa
55%
Royaume où à grandi Luffy à East Blue Goa
53%
Ennemi beaucoup trop puissant de Nico Robin Gouvernement Mondial
44%
Vraie nom de Mr. 5, le propriétaire du Fruit du Boum - Boum Gem
41%
Officier dans l'équipe de Pica, au sein de l'équipage de Don Quichotte Doflamingo Gladius
40%
Base de la marine situé sous l'île de Skypiea G - 2
33%
île voisine de Dressrosa Greenbit
16%
Agent du CP0 qui c'est sacrifié pour tuer Luffy pendant la bataille d'Onigashima Guernika
14%
Roi des mers jaune au grand yeux Globuleux
4%
Aucun quiz correspondant
Distribution des résultats
% des personnes avec chaque résultat
Percentile par nombre de réponses
Votre historique - résultats
Vous n’avez pas pris ce quiz